Edgar Allan Poe in Hispanic Literature
Guardado en:
| Autor principal: | |
|---|---|
| Formato: | Libro |
| Lenguaje: | Undetermined |
| Publicado: |
New York, Estados Unidos
Russell & Russell
1972
|
| Materias: | |
| Etiquetas: |
Agregar Etiqueta
Sin Etiquetas, Sea el primero en etiquetar este registro!
|
MARC
| LEADER | 00000nam a2200000Ia 4500 | ||
|---|---|---|---|
| 008 | 170316s9999 xx 000 0 und d | ||
| 040 | |a cru BVZT | ||
| 090 | |a C-810 E-1.2e | ||
| 100 | |a Englekirk, John Eugene | ||
| 245 | |a Edgar Allan Poe in Hispanic Literature | ||
| 260 | |a New York, Estados Unidos | ||
| 260 | |b Russell & Russell | ||
| 260 | |c 1972 | ||
| 300 | |a 504 páginas | ||
| 650 | |a LITERATURA ESTADOUNIDENSE | ||
| 650 | |a CRÍTICA | ||
| 999 | |c 12841 |d 12841 | ||
| 942 | |c 15 D |h C-810 E-1.2e |2 z | ||
